| 000 | 00000nam##2200000za#4500 |
| 001 | 9.700070 |
| 003 | CaOODSP |
| 005 | 20220125145842 |
| 007 | cr ||||||||||| |
| 008 | 150407|2012||||xxc|||||o f|0| 0 eng|d |
| 040 | |aCaOODSP|beng |
| 043 | |an-cn--- |
| 086 | 1 |aD2-339/2012E-PDF |
| 110 | 1 |aCanada. |bDepartment of National Defence. |
| 245 | 10|aCaring for our own : |h[electronic resource]|ba comprehensive approach for the care of CF ill and injured members and their families |
| 260 | |aOttawa - Ontario : |bNational Defence |c[2012]. |
| 300 | |a49p.|bcoloured figs., coloured map, photographs |
| 500 | |a"Recovery, rehabilitation, reintegration"--Cover. |
| 590 | |a14-20-Supp|b2014-11-25 |
| 690 | 07|aHealth|2gcpds |
| 690 | 07|aInjuries|2gcpds |
| 690 | 07|aMilitary personnel|2gcpds |
| 775 | 08|tPrendre soin des nôtres : |w(CaOODSP)9.644002 |
| 856 | 40|ahttp://publications.gc.ca|qPDF|s6.38 MB|uhttps://publications.gc.ca/collections/collection_2014/mdn-dnd/D2-339-2012-eng.pdf |